[Event "FRA-chT1B 0607"]
[Site "France"]
[Date "2007.03.11"]
[Round "11.8"]
[White "Mallet, Celine"]
[Black "Baujard, Anne"]
[Result "1-0"]
[WhiteElo "2028"]
[BlackElo "1924"]
[PlyCount "119"]
[EventDate "2006.10.15"]
[EventType "team"]
[EventRounds "11"]
[EventCountry "FRA"]
[SourceTitle "EXT 2008"]
[Source "ChessBase"]
[SourceDate "2007.11.25"]
[SourceVersion "1"]
[SourceVersionDate "2007.11.25"]
[SourceQuality "1"]
[WhiteTeam "Hyeres"]
[BlackTeam "Epinal"]
[WhiteTeamCountry "FRA"]
[BlackTeamCountry "FRA"]

1. d4 g6 2. c4 Bg7 3. Nc3 c5 4. d5 Bxc3+ 5. bxc3 f5 6. Bf4 d6 7. Nf3 Qa5 8. Qb3 Nd7 9. e3 Nb6 10. Bd3 Qa6 11. Ke2 Bd7 12. Nd2 Ba4 13. Qb2 Nf6 14. f3 Nfd7 15. h4 Rg8 16. Rag1 0-0-0 17. g4 fxg4 18. Rxg4 Nf6 19. Rg2 Nh5 20. Bh6 Bd7 21. Rhg1 Qa4 22. Rg5 e6 23. f4 Rde8 24. Kf3 Qa6 25. Ne4 Kc7 26. Qe2 Qa4 27. R1g2 exd5 28. cxd5 Bb5 29. Nxd6 Kxd6 30. Bxb5 Qe4+ 31. Kf2 Nxd5 32. Bxe8 Rxe8 33. Rxd5+ Qxd5 34. Rg5 Qe4 35. Qd2+ Kc6 36. Rg1 Nf6 37. Bg7 Nd5 38. Be5 Qc4 39. Qe2 Nb6 40. Qf3+ Qd5 41. Qxd5+ Kxd5 42. Kf3 Kc4 43. Rb1 Re7 44. e4 Rd7 45. Kg4 Rd2 46. Kg5 Kd3 47. Re1 Rxa2 48. Bf6 Rg2+ 49. Kh6 Kd2 50. Ra1 Kd3 51. e5 Nd5 52. Rxa7 Kxc3 53. Rxb7 Nxf4 54. e6+ Kc4 55. e7 Re2 56. Kxh7 Nd5 57. Bg5 Re6 58. Kg7 Nxe7 59. Bxe7 Rc6 60. Bf6 1-0

[Event "FRA-chT2 0405"]
[Site "France"]
[Date "2005.04.02"]
[Round "10.6"]
[White "Deumie, Philippe"]
[Black "Mallet, Celine"]
[Result "1/2-1/2"]
[WhiteElo "2012"]
[BlackElo "2034"]
[PlyCount "88"]
[EventDate "2004.10.10"]
[EventType "team"]
[EventRounds "11"]
[EventCountry "FRA"]
[SourceTitle "EXT 2006"]
[Source "ChessBase"]
[SourceDate "2005.11.24"]
[SourceVersion "1"]
[SourceVersionDate "2005.11.24"]
[SourceQuality "1"]

1. e4 c5 2. Nf3 Nc6 3. Bb5 g6 4. 0-0 Bg7 5. Re1 Na5 6. Bf1 Nf6 7. e5 Nd5 8. c3 0-0 9. d4 cxd4 10. cxd4 d6 11. Nc3 dxe5 12. Nxe5 Be6 13. Bd2 Rc8 14. Qa4 Nc6 15. Nxd5 Bxd5 16. Bc3 a6 17. a3 e6 18. Rad1 Qc7 19. Rd3 Nxe5 20. dxe5 Rfd8 21. Qh4 Bc6 22. Rh3 h6 23. Bb4 g5 24. Qh5 Be8 25. Rc3 Qb6 26. Rxc8 Rxc8 27. Bd3 Qd4 28. Qe2 Bc6 29. Bc3 Qc5 30. Bb1 Qd5 31. f3 Bb5 32. Qc2 a5 33. Kh1 b6 34. Qf2 Rc5 35. Bd4 Rc4 36. Bxb6 Bxe5 37. Ba2 Bd4 38. Bxc4 Bxf2 39. Bxd5 Bxe1 40. Be4 e5 41. g4 a4 42. Be3 Kf8 43. Bd5 f6 44. Kg2 Ke7 1/2-1/2

[Event "FRA-chT2 0405"]
[Site "France"]
[Date "2004.11.07"]
[Round "3.9"]
[White "Mallet, Celine"]
[Black "Estevez, Dorothee"]
[Result "1/2-1/2"]
[WhiteElo "2034"]
[BlackElo "1740"]
[PlyCount "124"]
[EventDate "2004.10.10"]
[EventType "team"]
[EventRounds "11"]
[EventCountry "FRA"]
[SourceTitle "EXT 2006"]
[Source "ChessBase"]
[SourceDate "2005.11.24"]
[SourceVersion "1"]
[SourceVersionDate "2005.11.24"]
[SourceQuality "1"]

1. d4 Nf6 2. c4 e6 3. Nc3 d5 4. Bg5 Be7 5. e3 0-0 6. cxd5 exd5 7. Bd3 Nbd7 8. Nf3 c6 9. 0-0 Re8 10. Qc2 h6 11. Bh4 Nh5 12. Bxe7 Qxe7 13. e4 dxe4 14. Nxe4 Nf4 15. Rfe1 Qb4 16. a3 Qb6 17. Nd6 Rxe1+ 18. Rxe1 Nf6 19. Bc4 Be6 20. g3 N4d5 21. Qb3 Qxb3 22. Bxb3 Rb8 23. Ne5 Ne8 24. Bxd5 cxd5 25. Nxe8 Rxe8 26. Nd3 Bd7 27. Rxe8+ Bxe8 28. Kg2 f6 29. b4 Kf7 30. Kf3 Bb5 31. Nf4 Bc6 32. Ke3 b5 33. h4 Ke7 34. h5 Kd6 35. Nd3 Bd7 36. Kf4 Be6 37. Ne1 Bg8 38. Nf3 Bh7 39. g4 Ke7 40. Nd2 Kd6 41. Nb3 Kc6 42. Nc5 Kd6 43. Kg3 Bg8 44. f4 Bf7 45. Kh4 Be8 46. g5 f5 47. Nd3 Ke6 48. Ne5 Ke7 49. g6 Kf6 50. Nd3 Ke7 51. Nc5 Kd6 52. Kg3 Ke7 53. Kf3 Kd6 54. Ke3 Ke7 55. Nd3 Kd6 56. Ne5 Ke7 57. Kd3 Ke6 58. Nf3 Kd6 59. Nh4 Ke6 60. Ng2 Kd6 61. Ne3 Ke6 62. Kc3 Bd7 1/2-1/2

[Event "FRA-chT2 0405"]
[Site "France"]
[Date "2004.11.06"]
[Round "2.9"]
[White "Pernoud, Claire"]
[Black "Mallet, Celine"]
[Result "0-1"]
[WhiteElo "1760"]
[BlackElo "2034"]
[PlyCount "92"]
[EventDate "2004.10.10"]
[EventType "team"]
[EventRounds "11"]
[EventCountry "FRA"]
[SourceTitle "EXT 2006"]
[Source "ChessBase"]
[SourceDate "2005.11.24"]
[SourceVersion "1"]
[SourceVersionDate "2005.11.24"]
[SourceQuality "1"]

1. e4 c5 2. Nc3 Nc6 3. g3 g6 4. Bg2 Bg7 5. f4 e6 6. Nf3 Nge7 7. 0-0 d5 8. d3 0-0 9. Bd2 c4 10. dxc4 dxe4 11. Nxe4 Bxb2 12. Rb1 Bg7 13. c3 Qd3 14. Qe1 Qxc4 15. Rb2 f5 16. Nd6 Qc5+ 17. Be3 Qxd6 18. Rd2 Qa3 19. Rc2 Nd5 20. Bc1 Qc5+ 21. Kh1 Bxc3 22. Qe2 Ncb4 23. Ba3 Bd7 24. Ng5 Rae8 25. Re1 h6 26. Nf3 Bb5 27. Qd1 Ba4 28. Rxc3 Nxc3 29. Qc1 Rd8 30. Ne5 Kh7 31. h3 b6 32. Kh2 Ncxa2 33. Qb2 Qd4 34. Qe2 Nc3 35. Qf3 Ne4 36. g4 Qf2 37. Qxf2 Nxf2 38. Bxb4 Rfe8 39. Ra1 b5 40. Kg3 Nd3 41. Ba3 Nxe5 42. fxe5 Rd3+ 43. Kh4 Rc8 44. Bd6 fxg4 45. hxg4 Rc2 46. Bh3 g5+ 0-1

[Event "FRA-chT2S"]
[Site "France"]
[Date "2003.01.18"]
[Round "5.8"]
[White "Rouvignac, Ghislain"]
[Black "Mallet, Celine"]
[Result "1/2-1/2"]
[WhiteElo "1900"]
[BlackElo "2060"]
[PlyCount "128"]
[EventDate "2002.10.??"]
[EventType "team"]
[EventRounds "11"]
[EventCountry "FRA"]
[SourceTitle "EXT 2004"]
[Source "ChessBase"]
[SourceDate "2003.11.25"]
[SourceVersion "1"]
[SourceVersionDate "2003.11.25"]
[SourceQuality "1"]

1. e4 c5 2. c3 Nf6 3. e5 Nd5 4. d4 cxd4 5. cxd4 Nc6 6. Nf3 d6 7. Bc4 e6 8. 0-0 Nb6 9. Bb3 dxe5 10. dxe5 Qc7 11. Qe2 Be7 12. Nc3 0-0 13. Qe4 Nd7 14. Bc2 g6 15. Re1 Nc5 16. Qc4 b6 17. b4 Ba6 18. b5 Na5 19. Qg4 Bb7 20. Ne4 Nxe4 21. Bxe4 Bxe4 22. Qxe4 Qc4 23. Qxc4 Nxc4 24. Bh6 Rfd8 25. Rac1 Rac8 26. Red1 Rxd1+ 27. Rxd1 Na3 28. h3 Nxb5 29. Rd7 Rc7 30. Rd2 Nc3 31. Kf1 Nd5 32. Rd4 Bf8 33. Bg5 h6 34. Bd2 b5 35. Ke2 Rc2 36. a4 Bc5 37. Kd1 Bxd4 38. Kxc2 Bxf2 39. axb5 Nc7 40. Bxh6 Nxb5 41. Kd3 Nc7 42. Ng5 Nd5 43. Ne4 Bb6 44. Nd6 a5 45. Nc4 Bc7 46. Kc2 Nb4+ 47. Kb3 Nd3 48. Ka4 Kh7 49. Bd2 Bxe5 50. Nxe5 Nxe5 51. Bxa5 Kh6 52. Kb3 Nd3 53. Bd2+ Kh5 54. Kc2 Nf2 55. Be1 Ne4 56. Kd3 Nf6 57. Kd4 Nd5 58. Ke4 f6 59. Kf3 g5 60. g4+ Kg6 61. h4 Nf4 62. hxg5 Nd3 63. Bd2 fxg5 64. Ke4 Nf4 1/2-1/2

[Event "FRA-ch U20"]
[Site "Hyeres"]
[Date "2002.??.??"]
[Round "5.6"]
[White "Picard, Romain"]
[Black "Mallet, Celine"]
[Result "1/2-1/2"]
[WhiteElo "2214"]
[BlackElo "2084"]
[PlyCount "63"]
[EventDate "2002.04.05"]
[EventType "swiss"]
[EventRounds "9"]
[EventCountry "FRA"]
[SourceTitle "EXT 2003"]
[Source "ChessBase"]
[SourceDate "2002.11.25"]
[SourceVersion "1"]
[SourceVersionDate "2002.11.25"]
[SourceQuality "1"]

1. e4 c5 2. Nf3 Nc6 3. d4 cxd4 4. Nxd4 Nf6 5. Nc3 e5 6. Ndb5 d6 7. Nd5 Nxd5 8. exd5 Nb8 9. c4 Be7 10. Be2 0-0 11. 0-0 a6 12. Nc3 f5 13. f4 Bf6 14. Qc2 Bd7 15. Kh1 a5 16. Rb1 Na6 17. a3 Qe7 18. Re1 g5 19. fxg5 Bxg5 20. Bxg5 Qxg5 21. b4 axb4 22. axb4 Rf6 23. c5 dxc5 24. Bxa6 Raxa6 25. bxc5 Rh6 26. g3 Rag6 27. Qf2 Qxg3 28. Qxg3 Rxg3 29. Rxb7 Rxc3 30. Rxd7 e4 31. Ra1 Rf6 32. Ra8+ 1/2-1/2

[Event "Wch U18 Girls"]
[Site "Oropesa del Mar"]
[Date "2001.11.01"]
[Round "10"]
[White "Mallet, Celine"]
[Black "Koepke, Elena"]
[Result "0-1"]
[WhiteElo "2117"]
[BlackElo "2208"]
[PlyCount "46"]
[EventDate "2001.10.21"]
[EventType "swiss"]
[EventRounds "11"]
[EventCountry "ESP"]
[SourceTitle "EXT 2002"]
[Source "ChessBase"]
[SourceDate "2001.11.25"]
[SourceVersion "1"]
[SourceVersionDate "2001.11.25"]
[SourceQuality "1"]

1. e4 e5 2. Nf3 Nf6 3. Nxe5 d6 4. Nf3 Nxe4 5. d4 d5 6. Bd3 Bd6 7. 0-0 0-0 8. c4 c6 9. cxd5 cxd5 10. Nc3 Nxc3 11. bxc3 Bg4 12. Rb1 Nd7 13. h3 Bh5 14. Rb5 Nb6 15. c4 Bxf3 16. Qxf3 dxc4 17. Be4 Qd7 18. Rh5 g6 19. Bh6 f5 20. Bd5+ Nxd5 21. Qxd5+ Rf7 22. Rxf5 gxf5 23. Qxc4 Qc6 0-1

[Event "Wch U18 Girls"]
[Site "Oropesa del Mar"]
[Date "2001.10.22"]
[Round "2"]
[White "Zhao, Dindin"]
[Black "Mallet, Celine"]
[Result "0-1"]
[WhiteElo "2220"]
[BlackElo "2117"]
[PlyCount "90"]
[EventDate "2001.10.21"]
[EventType "swiss"]
[EventRounds "11"]
[EventCountry "ESP"]
[SourceTitle "EXT 2002"]
[Source "ChessBase"]
[SourceDate "2001.11.25"]
[SourceVersion "1"]
[SourceVersionDate "2001.11.25"]
[SourceQuality "1"]

1. e4 c5 2. Nf3 Nc6 3. d4 cxd4 4. Nxd4 Nf6 5. Nc3 e5 6. Ndb5 d6 7. Bg5 a6 8. Na3 b5 9. Nd5 Be7 10. Bxf6 Bxf6 11. c3 Ne7 12. Nxf6+ gxf6 13. Bd3 Bb7 14. Qe2 d5 15. exd5 Qxd5 16. f3 0-0-0 17. Be4 Qc5 18. Nc2 f5 19. Bxb7+ Kxb7 20. Ne3 f4 21. Ng4 Nd5 22. 0-0-0 f6 23. Qe4 Kb6 24. Rd3 h5 25. Rhd1 hxg4 26. Rxd5 Rxd5 27. Rxd5 Qe3+ 28. Qxe3+ fxe3 29. Kd1 gxf3 30. gxf3 Rxh2 31. Rd6+ Kc5 32. Rxa6 Rxb2 33. Rxf6 Rxa2 34. f4 exf4 35. Rxf4 Ra4 36. Rf5+ Kc4 37. Re5 Kd3 38. Rd5+ Kc4 39. Re5 Ra3 40. Rxe3 Rxc3 41. Re8 Kb3 42. Rb8 b4 43. Kd2 Rc4 44. Kd3 Rh4 45. Kd2 Kb2 0-1

[Event "EU-ch U18 Girls"]
[Site "Chalkidiki"]
[Date "2001.09.08"]
[Round "8"]
[White "Mallet, Celine"]
[Black "Grapsa, Georgia"]
[Result "1/2-1/2"]
[WhiteElo "2117"]
[BlackElo "2057"]
[PlyCount "58"]
[EventDate "2001.08.31"]
[EventType "swiss"]
[EventRounds "9"]
[EventCountry "GRE"]
[SourceTitle "EXT 2002"]
[Source "ChessBase"]
[SourceDate "2001.11.25"]
[SourceVersion "1"]
[SourceVersionDate "2001.11.25"]
[SourceQuality "1"]

1. e4 c5 2. c3 Nf6 3. e5 Nd5 4. Nf3 e6 5. d4 cxd4 6. cxd4 d6 7. Bc4 Nc6 8. Qe2 Be7 9. Nc3 Nxc3 10. bxc3 0-0 11. 0-0 Qc7 12. Bf4 dxe5 13. Nxe5 Nxe5 14. Bxe5 Bd6 15. Bxd6 Qxd6 16. Rad1 Qc7 17. Rfe1 Bd7 18. Bd3 Qxc3 19. Be4 Bc6 20. Rd3 Qa5 21. Rh3 Bxe4 22. Qxe4 g6 23. Rd1 Rad8 24. Qh4 h5 25. g4 Rd5 26. Qf6 Qd8 27. Qxd8 Rfxd8 28. gxh5 gxh5 29. Rdd3 Kf8 1/2-1/2

[Event "EU-ch U18 Girls"]
[Site "Chalkidiki"]
[Date "2001.09.02"]
[Round "3"]
[White "Kisonova, Katarina"]
[Black "Mallet, Celine"]
[Result "1/2-1/2"]
[WhiteElo "2092"]
[BlackElo "2117"]
[PlyCount "76"]
[EventDate "2001.08.31"]
[EventType "swiss"]
[EventRounds "9"]
[EventCountry "GRE"]
[SourceTitle "EXT 2002"]
[Source "ChessBase"]
[SourceDate "2001.11.25"]
[SourceVersion "1"]
[SourceVersionDate "2001.11.25"]
[SourceQuality "1"]

1. e4 c5 2. f4 d5 3. exd5 Nf6 4. Nc3 Nxd5 5. Nf3 g6 6. Bb5+ Bd7 7. Bxd7+ Qxd7 8. 0-0 Nc6 9. Ne5 Nxe5 10. fxe5 Nxc3 11. bxc3 Bg7 12. d4 Rd8 13. Qf3 0-0 14. Be3 Qc7 15. Rab1 Rd7 16. Rf2 Qa5 17. Qh3 Qxa2 18. Re1 Rc7 19. Bh6 cxd4 20. Bxg7 Kxg7 21. cxd4 Rxc2 22. Rxc2 Qxc2 23. Qd7 Qd2 24. Rb1 e6 25. h3 b6 26. Kh1 Qa2 27. Rd1 Qc2 28. Re1 Qc3 29. Rd1 Qb3 30. Rd2 Qb4 31. Rd1 a5 32. d5 exd5 33. e6 Qe4 34. e7 Rg8 35. Rxd5 a4 36. Qd8 f6 37. Rd7 Qe1+ 38. Kh2 Qe5+ 1/2-1/2

[Event "FRA-ch (Women)"]
[Site "Marseille"]
[Date "2001.08.20"]
[Round "8"]
[White "Mallet, Celine"]
[Black "Flear, Christine"]
[Result "1/2-1/2"]
[WhiteElo "2117"]
[BlackElo "2146"]
[PlyCount "47"]
[EventDate "2001.08.13"]
[EventType "tourn"]
[EventRounds "11"]
[EventCountry "FRA"]
[SourceTitle "CBM 083 Extra"]
[Source "ChessBase"]
[SourceDate "2001.09.11"]
[SourceVersion "1"]
[SourceVersionDate "2001.09.11"]
[SourceQuality "1"]

1. e4 c5 2. c3 g6 3. d4 cxd4 4. cxd4 d5 5. exd5 Nf6 6. Bb5+ Nbd7 7. Nc3 Bg7 8. d6 exd6 9. Qe2+ Qe7 10. Bf4 Kf8 11. Nf3 a6 12. Ba4 Nb6 13. Qxe7+ Kxe7 14. 0-0 Nxa4 15. Nxa4 Nd5 16. Rfe1+ Be6 17. Bg3 Kd7 18. Ng5 b5 19. Nc3 Nxc3 20. bxc3 Bd5 21. a4 Bh6 22. Bh4 Bxg5 23. Bxg5 Rhe8 24. Bf4 1/2-1/2

[Event "FRA-ch U18 Girls"]
[Site "Amiens"]
[Date "2001.04.13"]
[Round "7"]
[White "Milliet, Sophie"]
[Black "Mallet, Celine"]
[Result "1/2-1/2"]
[WhiteElo "2157"]
[BlackElo "2169"]
[PlyCount "53"]
[EventDate "2001.04.??"]
[EventType "swiss"]
[EventRounds "9"]
[EventCountry "FRA"]
[SourceTitle "EXT 2005"]
[Source "ChessBase"]
[SourceDate "2004.11.15"]
[SourceVersion "1"]
[SourceVersionDate "2004.11.15"]
[SourceQuality "1"]

1. e4 d5 2. exd5 Nf6 3. Bb5+ Nbd7 4. c4 a6 5. Bxd7+ Qxd7 6. d4 b5 7. b3 bxc4 8. bxc4 c6 9. dxc6 Qxc6 10. Qf3 Qxc4 11. Be3 Rb8 12. Qg3 Rb2 13. Nd2 Qc2 14. Ngf3 Ne4 15. Qe5 Nxd2 16. Nxd2 f6 17. Qg3 Qd3 18. Rc1 Bd7 19. Qf3 h5 20. h3 Rxa2 21. Qd5 Rb2 22. Rc7 Qb5 23. Rc5 Qb7 24. Qxb7 Rxb7 25. 0-0 e5 26. Rc2 Bc8 27. Ra1 1/2-1/2

[Event "FRA-ch U18 Girls"]
[Site "Amiens"]
[Date "2001.04.11"]
[Round "5"]
[White "Mallet, Celine"]
[Black "Baldi, Audrey Jeanne"]
[Result "1-0"]
[WhiteElo "2169"]
[BlackElo "1750"]
[PlyCount "45"]
[EventDate "2001.04.??"]
[EventType "swiss"]
[EventRounds "9"]
[EventCountry "FRA"]
[SourceTitle "EXT 2005"]
[Source "ChessBase"]
[SourceDate "2004.11.15"]
[SourceVersion "1"]
[SourceVersionDate "2004.11.15"]
[SourceQuality "1"]

1. e4 e6 2. Nf3 d5 3. e5 c5 4. b4 Qb6 5. bxc5 Bxc5 6. d4 Be7 7. Bd3 Nc6 8. 0-0 Bd7 9. c3 f6 10. exf6 Nxf6 11. Nbd2 0-0 12. Re1 Bd6 13. Nf1 Rad8 14. Ne5 Nxe5 15. dxe5 Ng4 16. Qxg4 Qxf2+ 17. Kh1 Qxe1 18. Bh6 Qxe5 19. Ng3 Kh8 20. Bd2 Bc7 21. Re1 Qd6 22. Qh5 Rf5 23. Bxf5 1-0

[Event "Lausanne Master op"]
[Site "Lausanne"]
[Date "2000.06.01"]
[Round "2"]
[White "Mallet, Celine"]
[Black "Figeac, Aurelien"]
[Result "1-0"]
[WhiteElo "2006"]
[BlackElo "2195"]
[PlyCount "93"]
[EventDate "2000.05.31"]
[EventType "swiss"]
[EventRounds "9"]
[EventCountry "SUI"]
[SourceTitle "CBM 076 Extra"]
[Source "ChessBase"]
[SourceDate "2000.07.11"]
[SourceVersion "1"]
[SourceVersionDate "2000.07.11"]
[SourceQuality "1"]

1. e4 e6 2. d4 d5 3. Nd2 Nf6 4. e5 Nfd7 5. Bd3 c5 6. c3 Nc6 7. Ne2 cxd4 8. cxd4 f6 9. exf6 Qxf6 10. Nf3 h6 11. 0-0 Bd6 12. Ng3 0-0 13. Nh5 Qf7 14. Nh4 Nf6 15. Bg6 Qc7 16. h3 Ne7 17. Be3 Nxg6 18. Nxg6 Rf7 19. Rc1 Qb8 20. Nxf6+ Rxf6 21. Ne5 Rf5 22. g4 Rxe5 23. dxe5 Bxe5 24. Bd4 Bf4 25. Rc3 Bd7 26. Re1 Qd6 27. Qe2 Qb4 28. Bc5 Qa5 29. b4 Qa4 30. Rf3 e5 31. a3 Bb5 32. Qb2 Re8 33. Be3 Bxe3 34. Rfxe3 d4 35. Rxe5 Rxe5 36. Rxe5 Qd1+ 37. Kh2 Bc6 38. f3 d3 39. Qa2+ Kh7 40. b5 Bxf3 41. Re8 Qc2+ 42. Qxc2 dxc2 43. Rc8 Be4 44. Rc4 Bd3 45. Rc3 Kg6 46. Kg3 Kf6 47. Kf4 1-0

[Event "Cannes op"]
[Site "Cannes"]
[Date "2000.02.22"]
[Round "3"]
[White "Ruch, Bernard"]
[Black "Mallet, Celine"]
[Result "1-0"]
[WhiteElo "2085"]
[BlackElo "2006"]
[PlyCount "57"]
[EventDate "2000.02.20"]
[EventType "swiss"]
[EventRounds "9"]
[EventCountry "FRA"]
[SourceTitle "EXT 2001"]
[Source "ChessBase"]
[SourceDate "2000.11.22"]
[SourceVersion "1"]
[SourceVersionDate "2000.11.22"]
[SourceQuality "1"]

1. d4 Nf6 2. Nf3 e6 3. e3 g6 4. Bd3 Bg7 5. c4 0-0 6. Nc3 d5 7. 0-0 b6 8. b3 c5 9. Ba3 Re8 10. cxd5 cxd4 11. dxe6 Bxe6 12. Nxd4 Nd5 13. Rc1 Nxc3 14. Rxc3 Bxd4 15. exd4 Qxd4 16. Qc2 Bd5 17. Rd1 Qg4 18. Bf1 Be4 19. Qd2 Bb7 20. Rc7 Be4 21. h3 Qh5 22. Bc4 Qf5 23. Rxf7 Qxf7 24. Bxf7+ Kxf7 25. Qf4+ Kg8 26. f3 Bc6 27. Qc4+ Kg7 28. Bb2+ Kf8 29. Qc3 1-0

[Event "Cannes op"]
[Site "Cannes"]
[Date "2000.02.20"]
[Round "1"]
[White "Djalal, Boris"]
[Black "Mallet, Celine"]
[Result "1-0"]
[WhiteElo "2156"]
[BlackElo "2006"]
[PlyCount "51"]
[EventDate "2000.02.20"]
[EventType "swiss"]
[EventRounds "9"]
[EventCountry "FRA"]
[SourceTitle "EXT 2001"]
[Source "ChessBase"]
[SourceDate "2000.11.22"]
[SourceVersion "1"]
[SourceVersionDate "2000.11.22"]
[SourceQuality "1"]

1. e4 c5 2. Nf3 Nc6 3. d4 cxd4 4. Nxd4 Nf6 5. Nc3 e5 6. Ndb5 d6 7. Bg5 a6 8. Na3 b5 9. Bxf6 gxf6 10. Nd5 f5 11. Bd3 Be6 12. Qf3 Nd4 13. Qh5 Bg7 14. c3 Nc6 15. 0-0 f4 16. Nc2 h6 17. a4 Na5 18. axb5 Bxd5 19. exd5 Nb3 20. Rxa6 Rxa6 21. bxa6 Qa5 22. Qf5 Ke7 23. Nb4 Qc7 24. Nc6+ Kf8 25. a7 Qb7 26. Bc4 1-0

[Event "Toulon op 5th"]
[Site "Toulon"]
[Date "1999.11.02"]
[Round "5"]
[White "Naes, Flovin Tor"]
[Black "Mallet, Celine"]
[Result "1-0"]
[WhiteElo "2222"]
[BlackElo "2007"]
[PlyCount "51"]
[EventDate "1999.10.??"]
[EventType "swiss"]
[EventRounds "9"]
[EventCountry "FRA"]
[SourceTitle "CBM 073 Extra"]
[Source "ChessBase"]
[SourceDate "2000.01.11"]
[SourceVersion "1"]
[SourceVersionDate "2000.01.11"]
[SourceQuality "1"]

1. e4 c5 2. Nf3 Nc6 3. d4 cxd4 4. Nxd4 Nf6 5. Nc3 e5 6. Nb3 Bb4 7. Bd3 0-0 8. 0-0 Bxc3 9. bxc3 Ne7 10. Ba3 d6 11. Nd2 Be6 12. Qb1 Qc7 13. f4 Qxc3 14. Bb4 Qd4+ 15. Kh1 Ng4 16. Nf3 Nf2+ 17. Rxf2 Qxf2 18. Bxd6 Rfe8 19. f5 Bc8 20. Qb5 Nc6 21. Bc5 a6 22. Qb6 Nd4 23. Rf1 Qe3 24. Nxe5 Qh6 25. Qxh6 gxh6 26. Bxd4 1-0